000 00355nam a22001457a 4500
005 20250916145455.0
008 250916b |||||||| |||| 00| 0 eng d
020 _a9798887153445
050 _aT353.G66 2024
100 _aGOODMAN ALICE
245 _aENGINEERING DRAWING
260 _aNEWYORK
_bORYSON PRESS
_c2024
300 _aX,294
942 _2lcc
_cBK
999 _c216121
_d216121